| 000 | 003130000a22001090004500 | ||
|---|---|---|---|
| 090 |
_aAs _bSeriadas |
||
| 245 | 1 | 0 | _aAbejas sin aguijón (Hymenoptera: Apidae: Meliponini) de Colombia |
| 041 | 0 | _aEspañol | |
| 100 | 1 |
_aNates Parra, Guiomar _95315 |
|
| 942 | _cARTICULO | ||
| 773 | 1 |
_tBiota Colombiana _h3 _q233-248 _d2001 _g2 |
|
| 999 |
_c15479 _d15479 |
||